| 000 | 00394nam a2200145Ia 4500 | ||
|---|---|---|---|
| 008 | 230312s9999||||xx |||||||||||||| ||und|| | ||
| 020 | _a9780495090816 | ||
| 082 |
_a153.8 _bFRA-H |
||
| 100 | _aGlendening,Mary L. | ||
| 245 | 0 | _aMakerspace sound and music projects for all ages | |
| 260 |
_bCengage _aMexico _c2007 |
||
| 300 | _a464 | ||
| 650 |
_aComputer _vMotivation (Psychology) |
||
| 942 | _cBK | ||
| 999 |
_c18242 _d18242 |
||